Montnegre carener : descobrim Sant Celoni (II) : Parc del Montnegre i el Corredor descobrim Sant Celoni (II) :
Publicado:
Barcelona :
Diputació de Barcelona. Àrea de Territori i Sostenibilitat. Gerència de Serveis d'Espais Naturals ,
2012
Descripción Física:
1 f. plegat en 3 parts ; 20 cm
Colección:
Excursions senyalitzades
MARC
| LEADER | 00000nam a2200000Ia 4500 | ||
|---|---|---|---|
| 001 | 23752 | ||
| 008 | 160829s2012 xx 000 0 cat d | ||
| 080 | |a FU-62-39 | ||
| 245 | |a Montnegre carener : |b descobrim Sant Celoni (II) : |b Parc del Montnegre i el Corredor | ||
| 260 | |a Barcelona : |b Diputació de Barcelona. Àrea de Territori i Sostenibilitat. Gerència de Serveis d'Espais Naturals, |c 2012 | ||
| 300 | |a 1 f. plegat en 3 parts ; |c 20 cm | ||
| 490 | |a Excursions senyalitzades | ||
| 610 | 0 | |a Parc del Montnegre i el Corredor (Catalunya) |v Guies |9 52679 | |
| 710 | 1 | |a Barcelona (Catalunya : Província). |b Gerència de Serveis d’Espais Naturals |9 52730 | |
| 901 | |a Arxiu | ||
| 942 | |n 1 | ||
| 952 | |0 0 |1 0 |4 0 |6 FU6239 |7 1 |9 55820 |a Arxiu |b Arxiu |d 2016-12-01 |l 0 |o FU-62-39 |p 23752 |r 2016-12-01 00:00:00 |w 2016-12-01 |y ARXIU | ||
| 999 | |c 59693 |d 59693 | ||